Hồ sơ văn hoá Mỹ = A file on American Culture /
محفوظ في:
| مؤلفون آخرون: | , , |
|---|---|
| التنسيق: | Sách giấy |
| اللغة: | Vietnamese |
| منشور في: |
H. :
Thế Giới,
1995
|
| الموضوعات: | |
| الوسوم: |
إضافة وسم
لا توجد وسوم, كن أول من يضع وسما على هذه التسجيلة!
|
| Thư viện lưu trữ: | Thư viện Trường Đại học Đà Lạt |
|---|
| LEADER | 00749nam a2200301 4500 | ||
|---|---|---|---|
| 001 | DLU020019969 | ||
| 005 | ##20020517 | ||
| 020 | # | # | |a 978- |
| 041 | # | # | |a vie |
| 082 | # | # | |a 306.089 13 |b Hos |
| 245 | # | # | |a Hồ sơ văn hoá Mỹ = |b A file on American Culture / |c Lady Borton, Martha Hess; Hữu Ngọc dịch |
| 260 | # | # | |a H. : |b Thế Giới, |c 1995 |
| 300 | # | # | |a 872 tr.; |c 21 cm. |
| 650 | # | # | |a Bản sắc dân tộc, Hoa Kỳ. |
| 651 | # | # | |a Hoa Kỳ |x Văn minh. |
| 700 | # | # | |a Borton, Lady |
| 700 | # | # | |a Hữu Ngọc |
| 700 | # | # | |a Hess, Martha |
| 992 | # | # | |a 58000 |
| 994 | # | # | |a DLU |
| 900 | # | # | |a False |
| 911 | # | # | |a Admin |
| 925 | # | # | |a G |
| 926 | # | # | |a A |
| 927 | # | # | |a SH |
| 980 | # | # | |a Thư viện Trường Đại học Đà Lạt |